| 000 | 00756nam a22002177a 4500 | ||
|---|---|---|---|
| 999 |
_c19619 _d19619 |
||
| 003 | AR-CdUCM | ||
| 008 | 190305b ||||| |||| 00| 0 spa d | ||
| 040 |
_aMUNICIPALIDAD PROVINCIAL DEL CUSCO _cBIBLIOTECA MUNICIPAL DEL CUSCO |
||
| 041 | _hger | ||
| 082 |
_a373.1 / _bS29 |
||
| 100 |
_aChewsky, Tomas K. _941065 |
||
| 245 | _aDidáctica general / | ||
| 260 |
_aMéxico : _bGrijalbo, _c1966. |
||
| 300 |
_a289 páginas ; _c20 cm. |
||
| 505 | _aContenido :Los conceptos de instrucción y de didáctica --Análisis del proceso de enseñanza --Los principios didácticos y su sistema / | ||
| 650 |
_aDidáctica de la educación _99745 |
||
| 650 |
_aMetodología _92264 |
||
| 650 |
_aEducación _9460 |
||
| 942 |
_2ddc _cLIBROS |
||
| 945 |
_arjall _d2019-05-18 |
||